The Church in India in the emerging third millennium / (Record no. 761)
[ view plain ]
| 000 -LEADER | |
|---|---|
| fixed length control field | 01337cam a2200361 a 4500 |
| 001 - CONTROL NUMBER | |
| control field | 14947082 |
| 003 - CONTROL NUMBER IDENTIFIER | |
| control field | GBCCL |
| 005 - DATE AND TIME OF LATEST TRANSACTION | |
| control field | 20241126110345.0 |
| 008 - FIXED-LENGTH DATA ELEMENTS--GENERAL INFORMATION | |
| fixed length control field | 070704s2005 ii b 100 0 eng |
| 010 ## - | |
| -- | 2007392120 |
| 025 ## - OVERSEAS ACQUISITION NUMBER | |
| Overseas acquisition number | I-E-2007-392120; 13 |
| 035 ## - SYSTEM CONTROL NUMBER | |
| System control number | (IN-NdUBS)UBS07001564 |
| 037 ## - SOURCE OF ACQUISITION | |
| Source of stock number/acquisition | Library of Congress -- New Delhi Overseas Office |
| Terms of availability | Rs290.00 |
| 040 ## - CATALOGING SOURCE | |
| Original cataloging agency | DLC |
| Transcribing agency | DLC |
| 042 ## - | |
| -- | lcode |
| 043 ## - | |
| -- | a-ii--- |
| 050 00 - | |
| -- | BR1155 |
| -- | .R47 2005 |
| 082 ## - DEWEY DECIMAL CLASSIFICATION NUMBER | |
| Classification number | 275.4 |
| Item number | CHU |
| 111 2# - | |
| -- | Research Seminar on "The Church in India in the Emerging Third Millennium" |
| -- | (2005 : |
| -- | NBCLC, Bangalore) |
| -- | 1050 |
| 245 14 - TITLE STATEMENT | |
| Title | The Church in India in the emerging third millennium / |
| Statement of responsibility, etc. | edited by Thomas D'Sa. |
| 250 ## - EDITION STATEMENT | |
| Edition statement | 1st ed. |
| 260 ## - PUBLICATION, DISTRIBUTION, ETC. | |
| Place of publication, distribution, etc. | Bangalore : |
| Name of publisher, distributor, etc. | N.B.C.L.C., |
| Date of publication, distribution, etc. | 2005. |
| 300 ## - PHYSICAL DESCRIPTION | |
| Extent | viii, 772 p. ; |
| Dimensions | 25 cm. |
| 504 ## - BIBLIOGRAPHY, ETC. NOTE | |
| Bibliography, etc. note | Includes bibliographical references. |
| 520 ## - SUMMARY, ETC. | |
| Summary, etc. | Contributed papres presented at the seminar organized by NBCLC during Jan. 4-9, 2005. |
| 650 #0 - SUBJECT ADDED ENTRY--TOPICAL TERM | |
| Topical term or geographic name entry element | Missions |
| Geographic subdivision | India |
| Chronological subdivision | 21 century |
| Form subdivision | Congresses. |
| 9 (RLIN) | 1051 |
| 651 #0 - SUBJECT ADDED ENTRY--GEOGRAPHIC NAME | |
| Geographic name | India |
| General subdivision | Church history |
| Chronological subdivision | 21st century |
| Form subdivision | Congresses. |
| 9 (RLIN) | 1052 |
| 700 1# - ADDED ENTRY--PERSONAL NAME | |
| Personal name | D'Sa, Thomas. |
| 9 (RLIN) | 1053 |
| 710 2# - ADDED ENTRY--CORPORATE NAME | |
| Corporate name or jurisdiction name as entry element | National Biblical, Catechetical, and Liturgical Centre. |
| 9 (RLIN) | 1054 |
| 906 ## - LOCAL DATA ELEMENT F, LDF (RLIN) | |
| a | 7 |
| b | cbc |
| c | origode |
| d | 3 |
| e | ncip |
| f | 20 |
| g | y-gencatlg |
| 942 ## - ADDED ENTRY ELEMENTS (KOHA) | |
| Source of classification or shelving scheme | Dewey Decimal Classification |
| Koha item type | Books |
| Withdrawn status | Lost status | Source of classification or shelving scheme | Damaged status | Not for loan | Home library | Current Library | Shelving location | Date acquired | Total checkouts | Full call number | Barcode | Date last seen | Copy number | Price effective from | Koha item type |
|---|---|---|---|---|---|---|---|---|---|---|---|---|---|---|---|
| Dewey Decimal Classification | GRACE BIBLE COLLEGE | GRACE BIBLE COLLEGE | Church History | 2017-03-14 | 275.4 CHU | 006956 | 2025-05-01 | c.1 | 2017-03-14 | Books |